Miasta i wsie w powiecie tatrzańskim - Statystyki

Ogólne statystyki
  • Ten quiz został rozwiązany 26 razy
  • Średni wynik to 11 z 23
Statystyki odpowiedzi
Gmina Odpowiedź % Poprawnych
Biały Dunajec Biały Dunajec
95%
Poronin Poronin
95%
Zakopane Zakopane
95%
Bukowina Tatrzańska Bukowina Tatrzańska
91%
Kościelisko Kościelisko
91%
Bukowina Tatrzańska Białka Tatrzańska
77%
Poronin Ząb
68%
Poronin Murzasichle
55%
Kościelisko Witów
41%
Bukowina Tatrzańska Czarna Góra
32%
Kościelisko Dzianisz
32%
Biały Dunajec Gliczarów Dolny
32%
Biały Dunajec Gliczarów Górny
32%
Poronin Małe Ciche
32%
Poronin Suche
32%
Bukowina Tatrzańska Jurgów
27%
Poronin Nowe Bystre
27%
Bukowina Tatrzańska Groń
23%
Bukowina Tatrzańska Brzegi
18%
Bukowina Tatrzańska Leśnica
18%
Poronin Bustryk
14%
Bukowina Tatrzańska Rzepiska
14%
Biały Dunajec Sierockie
9%
Nie znaleziono quizów pasujących do podanych kryteriów
Rozkład punktacji
Procent ludzi z każdym wynikiem
Percentyl według liczby udzielonych odpowiedzi
Twoja historia wyników
Nie rozwiązałeś tego quizu